Los compañeros (Registro nro. 53739)
[ vista simple ]
| 000 -CABECERA | |
|---|---|
| campo de control de longitud fija | 01439ngm a22003730a 4500 |
| 001 - NÚMERO DE CONTROL | |
| campo de control | PT41414 |
| 003 - IDENTIFICADOR DEL NÚMERO DE CONTROL | |
| campo de control | AR-LpoUNG |
| 005 - FECHA Y HORA DE LA ÚLTIMA TRANSACCIÓN | |
| campo de control | 20210201235913.0 |
| 007 - CAMPO FIJO DE DESCRIPCIÓN FÍSICA--INFORMACIÓN GENERAL | |
| campo de control de longitud fija | vd cvaizq |
| 008 - DATOS DE LONGITUD FIJA--INFORMACIÓN GENERAL | |
| campo de control de longitud fija | 191001s[196||||ag |||||||||||||||||ita d |
| 037 ## - FUENTE DE ADQUISICIÓN | |
| Condiciones de disponibilidad | $11.25 |
| 040 ## - FUENTE DE LA CATALOGACIÓN | |
| Centro catalogador/agencia de origen | AR-LpoUNG |
| Lengua de catalogación | spa |
| Centro/agencia transcriptor | AR-LpoUNG |
| Normas de descripción | aacr |
| 041 ## - CÓDIGO DE LENGUA | |
| Código de lengua del texto/banda sonora o título independiente | ita |
| 044 ## - CÓDIGO DEL PAÍS DE LA ENTIDAD EDITORA/PRODUCTORA | |
| Código MARC del país | ag |
| 082 0# - NÚMERO DE LA CLASIFICACIÓN DECIMAL DEWEY | |
| Número de clasificación | 305.562 744com |
| 100 1# - ENTRADA PRINCIPAL--NOMBRE DE PERSONA | |
| Nombre de persona | Monicelli, Mario |
| Término indicativo de función/relación | dir. |
| 245 14 - MENCIÓN DE TÍTULO | |
| Título | Los compañeros |
| 260 ## - PUBLICACIÓN, DISTRIBUCIÓN, ETC. | |
| Lugar de publicación, distribución, etc. | Buenos Aires : |
| Nombre del editor, distribuidor, etc. | Blackman, |
| Fecha de publicación, distribución, etc. | [1963]. |
| 300 ## - DESCRIPCIÓN FÍSICA | |
| Extensión | DVD (125 min.) : son., byn |
| 520 ## - SUMARIO, ETC. | |
| Sumario, etc. | La acción transcurre en Turín, a fines del siglo pasado, hombres y mujeres salen de madrugada hacia sus trabajos. Melodías populares de la época acompañan el paisaje gris. Ocurre un accidente en los talleres: una rueda de acero destroza la mano de un trabajador. Un intelectual socialista -Mastroianni- advierte la situación y trata de predicar la conciencia de clase. Lo cual deriva en una sangrienta revuelta que es brutalmente reprimida. El poder permanece, solo se ha perdido una batalla, la lucha continua. |
| 650 #4 - PUNTO DE ACCESO ADICIONAL DE MATERIA--TÉRMINO DE MATERIA | |
| Término de materia o nombre geográfico como elemento de entrada | ACCIDENTES DEL TRABAJO |
| 650 #4 - PUNTO DE ACCESO ADICIONAL DE MATERIA--TÉRMINO DE MATERIA | |
| Término de materia o nombre geográfico como elemento de entrada | CONCIENCIA DE CLASE |
| 650 #4 - PUNTO DE ACCESO ADICIONAL DE MATERIA--TÉRMINO DE MATERIA | |
| Término de materia o nombre geográfico como elemento de entrada | CONDICIONES DE TRABAJO |
| 650 #4 - PUNTO DE ACCESO ADICIONAL DE MATERIA--TÉRMINO DE MATERIA | |
| Término de materia o nombre geográfico como elemento de entrada | INTELECTUALES |
| 650 #4 - PUNTO DE ACCESO ADICIONAL DE MATERIA--TÉRMINO DE MATERIA | |
| Término de materia o nombre geográfico como elemento de entrada | LUCHA DE CLASES |
| 650 #4 - PUNTO DE ACCESO ADICIONAL DE MATERIA--TÉRMINO DE MATERIA | |
| Término de materia o nombre geográfico como elemento de entrada | OBREROS TEXTILES |
| 650 #4 - PUNTO DE ACCESO ADICIONAL DE MATERIA--TÉRMINO DE MATERIA | |
| Término de materia o nombre geográfico como elemento de entrada | ORGANIZACIONES DE TRABAJADORES |
| 651 #4 - PUNTO DE ACCESO ADICIONAL DE MATERIA--NOMBRE GEOGRÁFICO | |
| Nombre geográfico | Italia |
| 653 ## - TÉRMINO DE INDIZACIÓN--NO CONTROLADO | |
| Término no controlado | CINE ITALIANO |
| 653 ## - TÉRMINO DE INDIZACIÓN--NO CONTROLADO | |
| Término no controlado | DVD |
| 653 ## - TÉRMINO DE INDIZACIÓN--NO CONTROLADO | |
| Término no controlado | VIDEOS |
| 905 ## - ELEMENTOS DE DATOS E LOCAL, LDE (RLIN) | |
| a | 41414 |
| 942 ## - ELEMENTOS DE PUNTO DE ACCESO ADICIONAL (KOHA) | |
| Tipo de ítem Koha | DVD |
| Estado de retiro | Estado de pérdida | Estado dañado | No para préstamo | Código de colección | Localización permanente | Ubicación/localización actual | Fecha de adquisición | Total de préstamos | Signatura topográfica completa | Código de barras | Fecha visto por última vez | Precio válido a partir de | Tipo de ítem Koha |
|---|---|---|---|---|---|---|---|---|---|---|---|---|---|
| Colección Cine | Biblioteca Universidad Nacional de General Sarmiento | Biblioteca Universidad Nacional de General Sarmiento | 01/02/2021 | 305.562 744com | 00047553 | 01/02/2021 | 01/02/2021 | DVD | |||||
| Colección Cine | Biblioteca Universidad Nacional de General Sarmiento | Biblioteca Universidad Nacional de General Sarmiento | 01/02/2021 | 305.562 744com | 00047554 | 01/02/2021 | 01/02/2021 | DVD | |||||
| Colección Cine | Biblioteca Universidad Nacional de General Sarmiento | Biblioteca Universidad Nacional de General Sarmiento | 01/02/2021 | 305.562 744com | 00047555 | 01/02/2021 | 01/02/2021 | DVD |